Statistics for Japanese Loanwords Quiz

Click here to take the quiz!

General Stats

  • This quiz has been taken 38,180 times
    (38,167 since last reset)
  • The average score is 15 of 21

Answer Stats

Definition Word % Correct
Artistic paper foldingOrigami
93%
Miniaturized treeBonsai
91%
Vinegared rice and raw fishSushi
91%
Large sea wave caused by seismic shiftsTsunami
91%
Japanese wrestling styleSumo
90%
9x9 number puzzleSudoku
87%
Sing-along with pre-recorded backup musicKaraoke
86%
17 syllable poemHaiku
85%
Suicide bomberKamikaze
84%
Green condiment used with the aboveWasabi
80%
Formal Japanese robeKimono
78%
Japanese comic bookManga
76%
Rice wineSake
74%
Ornamental carpKoi
59%
Thin mattress on a foldable frameFuton
54%
Lightly battered fried veggies, etc...Tempura
53%
Box lunchBento
52%
Military ruler of feudal JapanShogun
45%
Fresh green soybeansEdamame
44%
Crescent-shaped dumplingGyoza
28%
Asian radishDaikon
26%

Score Distribution

Percentile by Number Answered

Percent of People with Each Score

Your Score History

You have not taken this quiz since the last reset